[Event "Nova Gorica op 27th"]
[Site "Nova Gorica"]
[Date "2023.03.19"]
[Round "4"]
[White "Laco, Giuseppe"]
[Black "Beletic, Daniel"]
[Result "0-1"]
[WhiteElo "1916"]
[BlackElo "2269"]
[PlyCount "72"]
[EventDate "2023.03.16"]
[EventType "swiss"]
[EventRounds "9"]
[EventCountry "SLO"]
[SourceTitle "CBM 213 Extra"]
[Source "ChessBase"]
[SourceDate "2023.05.31"]
[SourceVersion "1"]
[SourceVersionDate "2023.05.31"]
[SourceQuality "1"]

1. c4 e5 2. Nc3 Nf6 3. a3 c6 4. d4 exd4 5. Qxd4 d5 6. Bg5 Be7 7. cxd5 cxd5 8. e3 Nc6 9. Bb5 0-0 10. Qd2 d4 11. exd4 Nxd4 12. Ba4 Qa5 13. Be3 Nf5 14. b4 Qc7 15. Bf4 Qb6 16. Nge2 Rd8 17. Qb2 a5 18. 0-0 axb4 19. Rab1 Rxa4 20. Nxa4 Qa6 21. axb4 Qxa4 22. Nc3 Qc6 23. Rfc1 Nh4 24. f3 Bf5 25. Nd1 Qb6+ 26. Be3 Rxd1+ 27. Kf2 Rxc1 28. Rxc1 Qe6 29. Ra1 h6 30. Ra8+ Kh7 31. Qd4 Bg6 32. g4 Nxf3 33. Kxf3 Be4+ 34. Ke2 Qxg4+ 35. Ke1 Nd5 36. Bd2 Bh4+ 0-1

[Event "Nova Gorica op 25th"]
[Site "Nova Gorica"]
[Date "2020.01.25"]
[Round "2"]
[White "Bruaset, Eivind"]
[Black "Laco, Giuseppe"]
[Result "1-0"]
[WhiteElo "2217"]
[BlackElo "1965"]
[PlyCount "83"]
[EventDate "2020.01.24"]
[EventType "swiss"]
[EventRounds "9"]
[EventCountry "SLO"]
[SourceTitle "CBM 194"]
[Source "ChessBase"]
[SourceDate "2020.01.27"]
[SourceVersion "1"]
[SourceVersionDate "2020.01.27"]
[SourceQuality "1"]

1. e4 c5 2. Nf3 a6 3. c4 Nc6 4. d4 cxd4 5. Nxd4 Nf6 6. Nc3 d6 7. Be2 e5 8. Nxc6 bxc6 9. 0-0 h6 10. Rb1 a5 11. Be3 g5 12. c5 dxc5 13. Qc2 Be6 14. Rbd1 Nd7 15. Na4 Qe7 16. Rd2 g4 17. Rc1 f6 18. b3 h5 19. Bc4 h4 20. Rcd1 Ra7 21. Bxe6 Qxe6 22. Nxc5 Nxc5 23. Bxc5 Rc7 24. Bxf8 Rxf8 25. Rd6 Qc8 26. Qc5 Kf7 27. Qxa5 Kg7 28. Qd2 Kg6 29. Qc3 Re8 30. Rc1 Re6 31. Rd2 Rd7 32. Rcd1 Ree7 33. h3 Rxd2 34. Rxd2 Rd7 35. Rxd7 Qxd7 36. hxg4 Qd1+ 37. Kh2 Qxg4 38. Qf3 Qg5 39. Qf5+ Qxf5 40. exf5+ Kxf5 41. Kh3 Kg5 42. a4 1-0

[Event "Palmanova op 8th"]
[Site "Palmanova"]
[Date "2019.12.08"]
[Round "5"]
[White "Gregoric, Andraz"]
[Black "Laco, Giuseppe"]
[Result "1-0"]
[WhiteElo "2036"]
[BlackElo "1972"]
[PlyCount "135"]
[EventDate "2019.12.06"]
[EventType "swiss"]
[EventRounds "5"]
[EventCountry "ITA"]
[SourceTitle "CBM 193 Extra"]
[Source "ChessBase"]
[SourceDate "2020.01.31"]
[SourceVersion "1"]
[SourceVersionDate "2020.01.31"]
[SourceQuality "1"]

1. e4 c5 2. Nf3 e6 3. c4 b6 4. Nc3 Bb7 5. Be2 d6 6. d4 Nd7 7. 0-0 Be7 8. Qa4 a6 9. Rd1 Qc7 10. Be3 Ngf6 11. e5 Bc6 12. exd6 Bxa4 13. dxc7 Bxd1 14. Rxd1 cxd4 15. Bxd4 Rc8 16. Ne5 Bc5 17. Nxd7 Bxd4 18. Nxf6+ Bxf6 19. Rd6 Bxc3 20. bxc3 Rxc7 21. Rxb6 Ke7 22. Kf1 a5 23. a4 Rhc8 24. Rb5 Rc5 25. Rb3 g6 26. Ke1 Rd8 27. Rb2 h5 28. f3 f5 29. f4 Rd6 30. Kf2 Kf6 31. h4 e5 32. g3 e4 33. Ke3 Ke7 34. Rb7+ Kd8 35. Rb8+ Kc7 36. Rg8 Kb7 37. Re8 Rc8 38. Re5 Ra6 39. Re7+ Rc7 40. Re5 Ra8 41. Kd4 Rd7+ 42. Rd5 Rad8 43. Ke5 Re8+ 44. Kf6 Rxd5 45. cxd5 Kc7 46. Kf7 Rd8 47. c4 Rd6 48. Ke7 Rd8 49. Ke6 Kb6 50. Ke7 Ra8 51. Kf7 Kc5 52. Kxg6 Rf8 53. Kg7 Rb8 54. Kf6 Rb2 55. Bxh5 e3 56. Kxf5 e2 57. Bxe2 Rxe2 58. h5 Kxc4 59. d6 Rd2 60. Ke6 Kc5 61. d7 Kc6 62. g4 Re2+ 63. Kf6 Kxd7 64. h6 Re4 65. Kf5 Re8 66. h7 Ke7 67. Kg6 Rf8 68. g5 1-0

[Event "Palmanova op 8th"]
[Site "Palmanova"]
[Date "2019.12.07"]
[Round "2"]
[White "Maione, Melissa"]
[Black "Laco, Giuseppe"]
[Result "1/2-1/2"]
[WhiteElo "1836"]
[BlackElo "1972"]
[PlyCount "98"]
[EventDate "2019.12.06"]
[EventType "swiss"]
[EventRounds "5"]
[EventCountry "ITA"]
[SourceTitle "CBM 193 Extra"]
[Source "ChessBase"]
[SourceDate "2020.01.31"]
[SourceVersion "1"]
[SourceVersionDate "2020.01.31"]
[SourceQuality "1"]

1. e4 c5 2. Nf3 Nc6 3. d4 cxd4 4. Nxd4 Nf6 5. Nc3 e6 6. Nxc6 bxc6 7. e5 Ng8 8. Bd3 f5 9. g4 Qa5 10. f4 g6 11. gxf5 gxf5 12. Bd2 Bb4 13. a3 Be7 14. Qh5+ Kf8 15. Rg1 Rb8 16. Ne2 Qb6 17. Bc3 a5 18. Bxf5 Bc5 19. Rg2 Qd8 20. Bxh7 Qe7 21. Rxg8+ Rxg8 22. Bxg8 Kxg8 23. Qg5+ Qxg5 24. fxg5 Be3 25. h4 Kf7 26. b3 a4 27. bxa4 Ba6 28. Rd1 Ke7 29. Bd4 Bxd4 30. Nxd4 Rf8 31. g6 Rf1+ 32. Kd2 Rf4 33. Ke3 Rxh4 34. Nf3 Rxa4 35. Rd4 Rxa3+ 36. Kf4 Be2 37. Ng5 Bh5 38. g7 Ra8 39. Nh7 Bf7 40. Nf6 Rd8 41. Kg5 d6 42. exd6+ Rxd6 43. Rxd6 Kxd6 44. Kf4 Kc5 45. g8Q Bxg8 46. Nxg8 Kd4 47. Nf6 e5+ 48. Kf5 Kc3 49. Ne4+ Kxc2 1/2-1/2

[Event "Palmanova op 7th"]
[Site "Palmanova"]
[Date "2018.12.09"]
[Round "5"]
[White "Laco, Giuseppe"]
[Black "Nordio, Giorgio"]
[Result "1/2-1/2"]
[WhiteElo "1957"]
[BlackElo "1987"]
[PlyCount "131"]
[EventDate "2018.12.07"]
[EventType "swiss"]
[EventRounds "5"]
[EventCountry "ITA"]
[SourceTitle "CBM 187 Extra"]
[Source "ChessBase"]
[SourceDate "2018.11.04"]
[SourceVersion "1"]
[SourceVersionDate "2018.11.04"]
[SourceQuality "1"]

1. c4 c6 2. e4 d5 3. e5 Bf5 4. f4 e6 5. Nf3 dxc4 6. Bxc4 Bd3 7. Qb3 Bxc4 8. Qxc4 Nd7 9. Nc3 Nb6 10. Qe4 Ne7 11. d4 h5 12. a3 Nf5 13. 0-0 Be7 14. Be3 0-0 15. Rad1 Qc7 16. Ng5 Rad8 17. Bf2 Nd5 18. Nxd5 Rxd5 19. Qf3 g6 20. g4 hxg4 21. Qxg4 Kg7 22. Kh1 Qd7 23. Rg1 Bxg5 24. Qxg5 Qd8 25. Qg4 Rh8 26. Rd3 Nxd4 27. h4 Nf5 28. Rh3 Rd3 29. Rh2 Qd5+ 30. Qg2 Qxg2+ 31. Rgxg2 Rd1+ 32. Rg1 Rd2 33. b4 Nxh4 34. Bxh4 Rxh2+ 35. Kxh2 Rxh4+ 36. Kg3 Rh8 37. Rd1 Ra8 38. Rd7 b6 39. Rb7 c5 40. bxc5 bxc5 41. Rc7 Rb8 42. Rxa7 Rc8 43. Kf3 c4 44. Ke2 c3 45. Kd1 c2+ 46. Kc1 Rc4 47. a4 Rxf4 48. Kxc2 Re4 49. Kb3 g5 50. Rc7 Rxe5 51. Kb4 g4 52. a5 Re1 53. a6 Ra1 54. Kb5 Kg6 55. Rc4 Rxa6 56. Kxa6 f5 57. Rc8 f4 58. Kb5 Kf5 59. Kc4 Ke4 60. Kc3 Ke3 61. Re8 g3 62. Rxe6+ Kf2 63. Kd3 g2 64. Rg6 f3 65. Ke4 g1Q 66. Rxg1 1/2-1/2

[Event "Palmanova op 7th"]
[Site "Palmanova"]
[Date "2018.12.08"]
[Round "2"]
[White "Beletic, Daniel"]
[Black "Laco, Giuseppe"]
[Result "1-0"]
[WhiteElo "2365"]
[BlackElo "1957"]
[PlyCount "65"]
[EventDate "2018.12.07"]
[EventType "swiss"]
[EventRounds "5"]
[EventCountry "ITA"]
[SourceTitle "CBM 187 Extra"]
[Source "ChessBase"]
[SourceDate "2018.11.04"]
[SourceVersion "1"]
[SourceVersionDate "2018.11.04"]
[SourceQuality "1"]

1. d4 f5 2. Bg5 g6 3. Nc3 d5 4. h4 h6 5. Bf4 Bg7 6. Nf3 e6 7. e3 a6 8. Ne5 Qf6 9. g4 Ne7 10. gxf5 exf5 11. Rg1 c6 12. Nxg6 Nxg6 13. Qh5 Kf7 14. Be5 Qe6 15. Ne2 Bxe5 16. dxe5 Qxe5 17. Qxg6+ Ke7 18. 0-0-0 Nd7 19. Nf4 Nf8 20. Qg3 Ke8 21. Be2 Be6 22. Bh5+ Bf7 23. Qg7 Qxg7 24. Rxg7 Bxh5 25. Nxh5 Nd7 26. c4 Nb6 27. Rxb7 Nxc4 28. Nf6+ Kd8 29. Rg1 Na5 30. Rf7 Kc8 31. Rgg7 Kb8 32. Nd7+ Kc7 33. b4 1-0

[Event "Palmanova op 7th"]
[Site "Palmanova"]
[Date "2018.12.08"]
[Round "3"]
[White "Laco, Giuseppe"]
[Black "Tirelli, Mauro"]
[Result "0-1"]
[WhiteElo "1957"]
[BlackElo "2240"]
[PlyCount "76"]
[EventDate "2018.12.07"]
[EventType "swiss"]
[EventRounds "5"]
[EventCountry "ITA"]
[SourceTitle "CBM 187 Extra"]
[Source "ChessBase"]
[SourceDate "2018.11.04"]
[SourceVersion "1"]
[SourceVersionDate "2018.11.04"]
[SourceQuality "1"]

1. c4 Nf6 2. Nc3 g6 3. e4 d6 4. d4 Bg7 5. f3 0-0 6. Be3 c5 7. d5 e6 8. Qd2 exd5 9. cxd5 a6 10. a4 h5 11. h3 Nbd7 12. g4 Qa5 13. Ra3 Re8 14. Be2 Ne5 15. g5 Nh7 16. f4 Nd7 17. Bd3 c4 18. Bc2 Nc5 19. Nge2 Qb4 20. Bxc5 Qxc5 21. Nd1 Bxb2 22. Rf3 Bg7 23. f5 Be5 24. Kf1 b5 25. Kg2 b4 26. Nf4 Nf8 27. Nxh5 gxh5 28. g6 fxg6 29. f6 Ra7 30. Rhf1 Rf7 31. Qg5 b3 32. Ne3 bxc2 33. Ng4 Bxg4 34. hxg4 hxg4 35. Qxg4 Rb8 36. Rc1 Rb1 37. Qg5 Rxc1 38. Qxc1 Rxf6 0-1

[Event "Nova Gorica op 22nd"]
[Site "Nova Gorica"]
[Date "2017.01.28"]
[Round "2"]
[White "Laco, Giuseppe"]
[Black "Siraj, Anej"]
[Result "1-0"]
[WhiteElo "2002"]
[BlackElo "1663"]
[PlyCount "77"]
[EventDate "2017.01.27"]
[EventType "swiss"]
[EventRounds "9"]
[EventCountry "SLO"]
[SourceTitle "CBM 176 Extra"]
[Source "ChessBase"]
[SourceDate "2017.03.02"]
[SourceVersion "1"]
[SourceVersionDate "2017.03.02"]
[SourceQuality "1"]

1. c4 f5 2. g4 e6 3. gxf5 exf5 4. Bg2 Nf6 5. Nc3 Nc6 6. d4 Bb4 7. a3 Bxc3+ 8. bxc3 0-0 9. Bg5 h6 10. Bd5+ Kh8 11. h4 Qe8 12. Bxf6 Rxf6 13. h5 d6 14. Bf3 Na5 15. Qd3 Qa4 16. c5 dxc5 17. dxc5 Bd7 18. e3 Nb3 19. Rb1 Nxc5 20. Qd4 Qxa3 21. Ne2 Rd6 22. Qh4 Qa2 23. 0-0 Qf7 24. Bxb7 Nxb7 25. Rxb7 Bc6 26. Rb2 Qd5 27. Nf4 Qf3 28. Kh2 Rd1 29. Rb1 Rxf1 30. Rxf1 a5 31. Rg1 a4 32. Ng6+ Kh7 33. Ne5 Qe4 34. Rxg7+ Kh8 35. Rh7+ Kxh7 36. Qe7+ Kh8 37. Qf6+ Kh7 38. Qf7+ Kh8 39. Ng6# 1-0

[Event "Nova Gorica op 22nd"]
[Site "Nova Gorica"]
[Date "2017.01.27"]
[Round "1"]
[White "Banusz, Tamas"]
[Black "Laco, Giuseppe"]
[Result "1-0"]
[WhiteElo "2620"]
[BlackElo "2002"]
[PlyCount "107"]
[EventDate "2017.01.27"]
[EventType "swiss"]
[EventRounds "9"]
[EventCountry "SLO"]
[SourceTitle "CBM 176 Extra"]
[Source "ChessBase"]
[SourceDate "2017.03.02"]
[SourceVersion "1"]
[SourceVersionDate "2017.03.02"]
[SourceQuality "1"]

1. Nf3 d5 2. g3 g6 3. Bg2 Bg7 4. 0-0 e5 5. d3 Ne7 6. e4 dxe4 7. dxe4 Qxd1 8. Rxd1 h6 9. Na3 a6 10. Nc4 Nbc6 11. Ne3 Be6 12. Nd5 0-0-0 13. c4 g5 14. Bd2 Ng6 15. Bc3 g4 16. Nd2 Nd4 17. Bf1 h5 18. Ba5 Rd7 19. Bg2 Bxd5 20. cxd5 b6 21. Bc3 Ne2+ 22. Kh1 Nxc3 23. bxc3 h4 24. Bf1 hxg3 25. Bxa6+ Kb8 26. fxg3 Ne7 27. Be2 f5 28. exf5 Nxf5 29. Ne4 Ne3 30. Rd3 Bh6 31. c4 Nxc4 32. Bxg4 Rg7 33. Bf3 Nd6 34. Nxd6 cxd6 35. Rb1 Rb7 36. Rdb3 Ka7 37. Rc3 Rf8 38. Rb2 Bg5 39. Kg2 Bd8 40. Rbc2 Rbf7 41. Bg4 Kb7 42. Bc8+ Kb8 43. Be6 Rc7 44. Rxc7 Bxc7 45. h4 Kb7 46. g4 b5 47. g5 Rh8 48. g6 Rh6 49. Bf7 Rxh4 50. Kg3 Rh5 51. Kg4 Rh1 52. Rg2 Bd8 53. g7 Rh4+ 54. Kf3 1-0

[Event "Nova Gorica op 21st"]
[Site "Nova Gorica"]
[Date "2016.02.04"]
[Round "9"]
[White "Laco, Giuseppe"]
[Black "Brilej, Jaka"]
[Result "1/2-1/2"]
[WhiteElo "2093"]
[BlackElo "1835"]
[PlyCount "124"]
[EventDate "2016.01.29"]
[EventType "swiss"]
[EventRounds "9"]
[EventCountry "SLO"]
[SourceTitle "CBM 170 Extra"]
[Source "ChessBase"]
[SourceDate "2016.02.25"]
[SourceVersion "1"]
[SourceVersionDate "2016.02.25"]
[SourceQuality "1"]

1. Nf3 d5 2. b3 Nf6 3. Bb2 e6 4. g3 Be7 5. Bg2 0-0 6. 0-0 c5 7. e3 Nc6 8. d4 b6 9. c3 Bb7 10. Qc2 Rc8 11. Nbd2 h6 12. Rad1 Ba6 13. Rfe1 cxd4 14. exd4 Nb4 15. Qb1 Nd3 16. Re3 Nxb2 17. Qxb2 Qc7 18. h3 Bd6 19. Ne5 Nd7 20. f4 Nxe5 21. fxe5 Be7 22. h4 Qd7 23. Rde1 Rc7 24. Bh3 Rfc8 25. a3 Bb5 26. Nb1 a5 27. Qf2 Bf8 28. Bg4 Qe7 29. Bd1 g6 30. g4 Bg7 31. Kh2 Rf8 32. Qg3 Rcc8 33. a4 Ba6 34. g5 Kh7 35. Qf4 Rh8 36. Rh3 Kg8 37. Bc2 Rc7 38. Kg2 Qd8 39. Ree3 Qc8 40. Kf2 b5 41. Reg3 bxa4 42. bxa4 Rb7 43. Rf3 Qd7 44. Qc1 Qc7 45. Re3 Qc4 46. Bd3 Qc6 47. Bxa6 Qxa6 48. h5 hxg5 49. hxg6 Rxh3 50. Rxh3 fxg6 51. Nd2 Rf7+ 52. Rf3 Rxf3+ 53. Nxf3 g4 54. Ng5 Bh6 55. Qf4 Qb7 56. Qxg4 Bxg5 57. Qxg5 Qb2+ 58. Kg1 Qb1+ 59. Kh2 Qc2+ 60. Kg1 Qd1+ 61. Kf2 Qc2+ 62. Kg1 Qd1+ 1/2-1/2

[Event "Nova Gorica op 21st"]
[Site "Nova Gorica"]
[Date "2016.01.31"]
[Round "4"]
[White "Sonis, Francesco"]
[Black "Laco, Giuseppe"]
[Result "1-0"]
[WhiteElo "2352"]
[BlackElo "2093"]
[PlyCount "41"]
[EventDate "2016.01.29"]
[EventType "swiss"]
[EventRounds "9"]
[EventCountry "SLO"]
[SourceTitle "CBM 170 Extra"]
[Source "ChessBase"]
[SourceDate "2016.02.25"]
[SourceVersion "1"]
[SourceVersionDate "2016.02.25"]
[SourceQuality "1"]

1. e4 c5 2. Nf3 Nc6 3. Nc3 a6 4. d4 cxd4 5. Nxd4 e6 6. g3 Nge7 7. Be3 d5 8. Bg2 Nxd4 9. Bxd4 dxe4 10. Bxe4 Qc7 11. Qh5 Nc6 12. Bxc6+ Qxc6 13. 0-0-0 b5 14. Rhe1 Bb7 15. Ne4 Rc8 16. c3 b4 17. Bxg7 Bxg7 18. Nd6+ Qxd6 19. Rxd6 bxc3 20. Rdxe6+ Kf8 21. Qc5+ 1-0

[Event "Forni di Sopra op 4th"]
[Site "Forni di Sopra"]
[Date "2013.06.15"]
[Round "1"]
[White "Valsecchi, Alessio"]
[Black "Laco, Giuseppe"]
[Result "1-0"]
[WhiteElo "2422"]
[BlackElo "2061"]
[PlyCount "89"]
[EventDate "2013.06.15"]
[EventType "swiss"]
[EventRounds "9"]
[EventCountry "ITA"]
[SourceTitle "CBM 155 Extra"]
[Source "ChessBase"]
[SourceDate "2013.08.26"]
[SourceVersion "1"]
[SourceVersionDate "2013.08.26"]
[SourceQuality "1"]

1. e4 g6 2. d4 Bg7 3. Nf3 c6 4. Nc3 d5 5. h3 dxe4 6. Nxe4 Nd7 7. Bc4 h6 8. Qe2 Nb6 9. Bb3 Nf6 10. Nxf6+ Bxf6 11. 0-0 e6 12. Bf4 Nd5 13. Bd2 g5 14. c4 Ne7 15. Bc2 Kf8 16. Rad1 Nf5 17. Bc3 h5 18. Ne5 Kg7 19. Rfe1 Qg8 20. d5 exd5 21. cxd5 cxd5 22. Qf3 d4 23. Rxd4 Nxd4 24. Bxd4 Qd8 25. Bc3 Be6 26. Qxb7 Bd5 27. Qa6 Qb6 28. Qd3 Rad8 29. Qg3 h4 30. Qg4 Rde8 31. Re3 Be6 32. Qf3 Rh6 33. a4 Rc8 34. Bf5 Rxc3 35. bxc3 Bxe5 36. Rxe5 Rf6 37. Qe4 Qb2 38. Qc2 Qa1+ 39. Kh2 Qf1 40. Bxe6 Rxf2 41. Rxg5+ Kh6 42. Rh5+ Kxh5 43. Qh7+ Kg5 44. Qg7+ Kf4 45. Qf6+ 1-0